Sports Quiz

Random Sports Quiz

Israeli Football Teams Quiz Stats

 Plays Quiz not verified by Sporcle

Support Sporcle.
Go Orange.
Score 0/16 Timer 04:00
0 Plays Today
Team % Correct
Maccabi Tel Aviv
98.9%
Maccabi Haifa
92.6%
Hapoel Tel Aviv
91.6%
Beitar Jerusalem
81.1%
Hapoel Haifa
75.8%
Hapoel Beer Sheva
70.5%
Maccabi Netanya
65.3%
Sports Club Ashdod
60%
Team % Correct
Bnei Yahuda Tel Aviv
57.9%
Maccabi Petah Tikva
55.8%
Hapoel Petah Tikva
49.5%
Bnei Sakhnin
46.3%
Hapoel Acre
40%
Hapoel Ramat Gan
31.6%
Hapoel Kiryat Shmona
29.5%
Hapoel Ashkelon
26.3%

You're not logged in!

Compare scores with friends on all Sporcle quizzes.
OR
Log In

From the Vault

Intersecting Trivia: Movies

by bhenderson79

We've got a lot of crossover materials here.
Remove Ads.
Support Sporcle.
Get the best of Sporcle when you Go Orange. This ad-free experience offers more features, more stats, and more fun while also helping to support Sporcle. Thank you for becoming a member.

Show Comments

Extras

Created Mar 11, 2011SourceReportNominate
Tags:team

Top Quizzes Today


Score Distribution

Your Account Isn't Verified!

In order to create a playlist on Sporcle, you need to verify the email address you used during registration. Go to your Sporcle Settings to finish the process.

Report this User

Report this user for behavior that violates our Community Guidelines.

Details: